01371naa#a2200289#i#4500001001600000005001700016011001400033100004100047101000800088102000700096200012900103210008300232215001100315608004500326675011000371686005800481700006200539700006600601700005400667700005200721700005600773700005800829700006600887700005000953700005801003856002001061RU\\bibl\11978520260630021851.2##a2077-7566##a20260629b2026####ek#y0rusy0150####ca0#aRUS##aRU1#aК ВОПРОСУ ОБ ОСЛОЖНЕНИЯХ ДЕНТАЛЬНОЙ ИМПЛАНТАЦИИeЖурнальная статья1#aЕкатеринбургcИздательский Дом «ТИРАЖ»d2026##a12 с.##aЖурнальная статья2local##aСтоматология. Заболевания ротовой полости и зубов. 616.31zRUS##aКлиническая медицина. 76.292grnti#1aМокренкоgЕвгений Владимирович#1aГалонскийgВладислав Геннадьевич#1aМакарчукgТихон Максимович#1aАлешкинgИгорь Германович#1aПеретолчинgНикита Олегович#1aБессчастныйgДенис Сергеевич#1aГазинскийgВладимир Владимирович#1aНикитинgОлег Николаевич#1aМакароваgПолина Анатольевна4#adental-press.ru